[Event "Santiago op U2200 prep"]
[Site "Santiago de Chile"]
[Date "2017.01.15"]
[Round "3.9"]
[White "Ordenes Holuigue, Maximiliano"]
[Black "Hernandez Cueto, Camilo"]
[Result "1-0"]
[WhiteElo "1640"]
[BlackElo "1298"]
[PlyCount "37"]
[EventDate "2017.01.14"]
[EventType "swiss"]
[EventRounds "5"]
[EventCountry "CHI"]
[SourceTitle "EXT 2024"]
[Source "ChessBase"]
[SourceDate "2023.10.10"]
[SourceVersion "1"]
[SourceVersionDate "2023.10.10"]
[SourceQuality "1"]

1. e4 c5 2. Nf3 d6 3. d4 cxd4 4. Nxd4 Nf6 5. Nc3 a6 6. Bc4 e6 7. Bb3 Be7 8. Be3 0-0 9. g4 h6 10. Qe2 b5 11. f3 Nh7 12. 0-0-0 Bb7 13. Kb1 Qc7 14. h4 Nd7 15. g5 h5 16. g6 fxg6 17. Nxe6 Qc8 18. Nd5 Bf6 19. Nef4 1-0